000 00809nam a2200289 i 4500
001 bg
100 1 0 _aGórski, Marian.
245 1 0 _aRynkowy system finansowy /
_cMarian Górski.
250 _aWyd. 2 zm.
260 _aWarszawa :
_bPolskie Wydawnictwo Ekonomiczne,
_c2009.
300 _a389 s. :
_bil. ;
_c24 cm.
504 _aBibliogr. przy rozdz. Indeks.
650 9 _aFinanse
650 9 _aInstytucje finansowe
650 9 _aRynek finansowy
655 _aPodręczniki akademickie
020 _a9788320817966
040 _cBPK
041 _apol
044 _aPOL
080 _a336.7
080 _a(075.8)
920 _a978-83-208-1796-6
942 _cKS
008 s pl f |000 0 pol
999 _c55896
_d55896
856 _uhttp://koha.tu.koszalin.pl/cgi-bin/koha/opac-detail.pl?biblionumber=55896
_yKatalog online BPK